000 00671cab a2200229 4500
001 ABS51895
008 090401t1994 xxu||||| |||| 00| 0 eng d
035 _a(Sirsi) u49229
041 _aeng
100 _aHowell, J.
245 _aWall tie failure: breaking off ties
260 _c1994
350 _a0
490 _aBuilding Engineer
_v69(10) December 1994, 10-13(4)
520 _aDiscusses wall tie failure, examining the history of the problem, diagnosis, and methods of further investigation.
650 _aCAVITY WALLS
650 _aCRACKS
650 _aWALL TIES
690 _aBUILT ENVIRONMENT-BUILDING PATHOLOGY
942 _n0
948 _c04/03/1997
999 _c30809
_d30809